| 000 | 00515nam a22001817a 4500 | ||
|---|---|---|---|
| 003 | CEME | ||
| 005 | 20210628203904.0 | ||
| 008 | 210305b xxu||||| |||| 00| 0 eng d | ||
| 020 | _a0-13-297194-1 | ||
| 040 | _c. | ||
| 082 | _a620.106 MAR'D | ||
| 100 |
_aMartin, Hugs _967724 |
||
| 245 | _aThe design of hydraulic components and systems | ||
| 260 |
_aLONDON _bELLIS HORWOOD _c1995 |
||
| 300 | _aXX,259P | ||
| 650 |
_aFLUID POWER TECHNOLOGY HYDRAULIC MACHINERY-DESIGN AND CONSTRUCTION _967725 |
||
| 942 |
_cBK _2ddc |
||
| 999 |
_c575437 _d575437 |
||